Pays avec un tiret (par ordre alphabétique) - Statistiques

Statistiques générales
  • Ce quiz a été pris 121 fois
  • Le résultat moyen est 5 sur 10
Statistiques - réponses
Hint Réponse % Correct
B Bosnie-Herzégovine
70%
G Guinée-Bissau
69%
G Guinée-Equatoriale
64%
E Etats-Unis
57%
S Saint-Marin
52%
S Sainte-Lucie
48%
R Royaume-Uni
46%
P Pays-bas
44%
C Cap-Vert
41%
T Timor-Oriental
33%
Aucun quiz correspondant
Distribution des résultats
% des personnes avec chaque résultat
Percentile par nombre de réponses
Votre historique - résultats
Vous n’avez pas pris ce quiz